000
00303nam a22001337a 4500
008
181226b xxu||||| |||| 00| 0 eng d
020
_a
9780073195803
041
_a
eng
080
_a
572
100
_a
25
101
_a
ANT
245
_a
Thinking Like An Antropologist
_c
John.T.O
942
_2
udc
_c
BK
999
_c
53793
_d
53793